| Tag |
First Indicator |
Second Indicator |
Subfields |
| LEADER |
00000cam a22000008a 4500 |
| 001 |
in00002352321 |
| 005 |
20151108062112.0 |
| 008 |
070308s2007 nyu 001 0 eng |
| 010 |
|
|
|a 2007010102
|
| 020 |
|
|
|a 9781600216565 (hardcover)
|
| 020 |
|
|
|a 1600216560 (hardcover)
|
| 035 |
|
|
|a (OCoLC)ocm85851551
|
| 035 |
|
|
|a (OCoLC)85851551
|
| 040 |
|
|
|a DLC
|c DLC
|d BAKER
|d BTCTA
|d YDXCP
|d TXA
|d UtOrBLW
|
| 049 |
|
|
|a TXAM
|
| 050 |
0 |
0 |
|a QD196
|b .I56 2007
|
| 082 |
0 |
0 |
|a 541/.2254
|2 22
|
| 245 |
0 |
0 |
|a Inorganic polymers /
|c Roger De Jaeger and Mario Gleria, editors.
|
| 264 |
|
1 |
|a New York :
|b Nova Science Publishers,
|c 2007.
|
| 300 |
|
|
|a viii, 925 pages :
|b illustrations ;
|c 26 cm.
|
| 336 |
|
|
|a text
|b txt
|2 rdacontent
|
| 337 |
|
|
|a unmediated
|b n
|2 rdamedia
|
| 338 |
|
|
|a volume
|b nc
|2 rdacarrier
|
| 500 |
|
|
|a Includes index.
|
| 650 |
|
0 |
|a Inorganic polymers.
|
| 700 |
1 |
|
|a Jaeger, Roger De.
|
| 700 |
1 |
|
|a Gleria, Mario.
|
| 856 |
4 |
1 |
|3 Table of contents only
|u http://www.loc.gov/catdir/toc/ecip0712/2007010102.html
|t 0
|
| 938 |
|
|
|a Baker & Taylor
|b BKTY
|c 145.00
|d .00
|i 1600216560
|n 0007163933
|s active
|
| 938 |
|
|
|a Baker and Taylor
|b BTCP
|n 2007010102
|
| 938 |
|
|
|a YBP Library Services
|b YANK
|n 2558519
|
| 945 |
|
|
|a PromptCat
|b 305255
|
| 946 |
|
|
|a stk
|
| 947 |
|
|
|a A14836548457
|
| 948 |
|
|
|a cataloged
|b h
|c 2008/1/10
|d c
|e jgreene
|f 2:00:29 pm
|
| 994 |
|
|
|a C0
|b TXA
|
| 999 |
|
|
|a MARS
|
| 999 |
f |
f |
|s 58b9f837-2069-317b-b921-c8ce1019ce3b
|i 26dcb0d4-3039-3ba8-8ee6-5eadcb7eb9e2
|t 0
|
| 952 |
f |
f |
|p ric
|a Texas A&M University
|b Rellis Campus
|c Joint Library Facility
|s JLF
|d Remote Storage
|t 0
|e QD196 .I56 2007
|h Library of Congress classification
|i unmediated -- volume
|m A14836548457
|
| 998 |
f |
f |
|a QD196 .I56 2007
|t 0
|l Remote Storage
|